ՀՀ Գիտությունների ազգային ակադեմիայի հիմնարար գիտական գրադարան  =   Fundamental Scientific Library of NAS RA

Խիզախներ : (Record no. 8563)

MARC details
000 -LEADER
fixed length control field 00795nam a2200217 a 4500
001 - CONTROL NUMBER
control field 000022372
003 - CONTROL NUMBER IDENTIFIER
control field AM-YEHGA
005 - DATE AND TIME OF LATEST TRANSACTION
control field 20250618070834.0
008 - FIXED-LENGTH DATA ELEMENTS--GENERAL INFORMATION
fixed length control field 030329s1942 ai |||||||||||||||||arm d
040 ## - CATALOGING SOURCE
Original cataloging agency AM-YeHGA
041 0# - LANGUAGE CODE
Language code of text/sound track or separate title arm
090 ## - LOCALLY ASSIGNED LC-TYPE CALL NUMBER (OCLC); LOCAL CALL NUMBER (RLIN)
-- 8623
245 00 - TITLE STATEMENT
Title Խիզախներ :
Remainder of title Հայ ժողովրդի զավակները հայրենական պատերազմում /
Statement of responsibility, etc. Խմբ.՝ Հր. Գրիգորյան.
260 ## - PUBLICATION, DISTRIBUTION, ETC.
Place of publication, distribution, etc. Երևան :
Name of publisher, distributor, etc. Հայպետհրատ,
Date of publication, distribution, etc. 1942.
300 ## - PHYSICAL DESCRIPTION
Extent Գ. ;
Dimensions 22 սմ.
505 10 - FORMATTED CONTENTS NOTE
Formatted contents note Գ. 1 (1942, 249 էջ : նկ.)
650 14 - SUBJECT ADDED ENTRY--TOPICAL TERM
Topical term or geographic name entry element Զինված ուժեր, ռազմագիտություն
650 14 - SUBJECT ADDED ENTRY--TOPICAL TERM
Topical term or geographic name entry element Հայրենական Մեծ պատերազմ
9 (RLIN) 887
700 1# - ADDED ENTRY--PERSONAL NAME
Personal name Գրիգորյան, Հրաչյա Գևորգի,
Dates associated with a name 1907-1969
Relator term խմբ.
Relationship edt
9 (RLIN) 1647
942 ## - ADDED ENTRY ELEMENTS (KOHA)
Koha item type Գրքեր / Books
Holdings
Withdrawn status Lost status Source of classification or shelving scheme Damaged status Not for loan Home library Current library Date acquired Serial enumeration / chronology Total checkouts Full call number Barcode Date last seen Price effective from Koha item type Public note
    Universal Decimal Classification     Fundamental Scientific Library Fundamental Scientific Library 21/12/2016 Գ. 1   AII/33436 220033436 21/12/2016 21/12/2016 Գրքեր / Books 30 Days Loan
    Universal Decimal Classification     Fundamental Scientific Library Fundamental Scientific Library 21/12/2016 Գ. 1   AII/33437 220033437 21/12/2016 21/12/2016 Գրքեր / Books 30 Days Loan
    Universal Decimal Classification     Fundamental Scientific Library Fundamental Scientific Library 21/12/2016 Գ. 1   AII/33438 220033438 21/12/2016 21/12/2016 Գրքեր / Books 30 Days Loan


ՀՀ ԳԱԱ հիմնարար գիտական գրադարան
ՀՀ,Երևան 0019
Մարշալ Բաղրամյան 24/6
հեռախոս:(374-10) 52-47-50
Հետադարձ կապ

All site content, except where otherwise noted, is licensed under a
Creative Commons License